Estudio socioeconómico del Barrio Sagrada Familia, 1984-1987

Se recopila, procesa y analiza la información del Censo de 1984, acerca del Barrio Sagrada Familia. Y se incluye información relativa al Barrio Los Angeles, precaria que se instaló después del Censo del 84. OB/EL

Enregistré dans:
Détails bibliographiques
Auteur principal: Zúñiga Umaña, Fernando
Format: Texte
Publié: Heredia: Universidad Nacional. UNICEF
Sujets:
Tags: Ajouter un tag
Pas de tags, Soyez le premier à ajouter un tag!

MARC

LEADER 00000 a a2200000 04500
001 12404
003
040
090 |a 028400  
100 |a Zúñiga Umaña, Fernando  
245 |a Estudio socioeconómico del Barrio Sagrada Familia, 1984-1987  
260 |a Heredia:   |b Universidad Nacional. UNICEF  
300 |a 107 p.  
300 |b **no definido**  
520 |a Se recopila, procesa y analiza la información del Censo de 1984, acerca del Barrio Sagrada Familia. Y se incluye información relativa al Barrio Los Angeles, precaria que se instaló después del Censo del 84. OB/EL  
650 |a ESCOLARIDAD  
650 |a SEGURIDAD SOCIAL  
650 |a EMPLEO  
650 |a DESEMPLEO  
650 |a VIVIENDA  
650 |a INDICADORES SOCIALES  
650 |a INDICADORES ECONOMICOS  
650 |a GRUPOS DE EDAD  
650 |a SEXO  
650 |a ESCOLARIDAD  
650 |a SEGURIDAD SOCIAL  
650 |a OCUPACIONES  
999 |c 10506  |d 10506